[Event "Hastings Masters op"]
[Site "Hastings"]
[Date "2024.01.05"]
[Round "9"]
[White "Vasiliadis, Theodoros"]
[Black "Hobson, Kenneth"]
[Result "1/2-1/2"]
[WhiteElo "1845"]
[BlackElo "2130"]
[PlyCount "85"]
[EventDate "2023.12.28"]
[EventType "swiss"]
[EventRounds "9"]
[EventCountry "ENG"]
[SourceTitle "CB02_2024"]
[SourceDate "2024.01.10"]
[SourceVersion "1"]
[SourceVersionDate "2024.01.10"]
[SourceQuality "1"]

1. Nf3 Nf6 2. c4 e6 3. g3 d5 4. Bg2 Be7 5. 0-0 0-0 6. d4 c6 7. b3 b6 8. Bb2 Nbd7 9. Qc2 a5 10. Nbd2 Ba6 11. Rad1 Qb8 12. e4 Rc8 13. Ng5 Ne8 14. f4 Bxg5 15. fxg5 dxc4 16. Nxc4 Bxc4 17. Qxc4 b5 18. Qe2 Qd6 19. Rf4 Ra7 20. h4 Qe7 21. Qg4 Rd8 22. Rdf1 Nf8 23. e5 Ng6 24. Rxf7 Qxf7 25. Rxf7 Kxf7 26. Bxc6 Nc7 27. h5 Ne7 28. g6+ hxg6 29. hxg6+ Nxg6 30. Qh5 Rh8 31. Qf3+ Ke7 32. d5 exd5 33. Bxd5 Nxd5 34. Qxd5 Rd7 35. Qc5+ Kf7 36. Qf2+ Ke7 37. Qc5+ Kf7 38. e6+ Kxe6 39. Qc6+ Rd6 40. Qe4+ Kf7 41. Qf5+ Kg8 42. Qc8+ Kh7 43. Qh3+ 1/2-1/2

[Event "Hastings Masters op"]
[Site "Hastings"]
[Date "2023.12.31"]
[Round "4"]
[White "Hobson, Kenneth"]
[Black "Sulskis, Sarunas"]
[Result "0-1"]
[WhiteElo "2130"]
[BlackElo "2490"]
[PlyCount "50"]
[EventDate "2023.12.28"]
[EventType "swiss"]
[EventRounds "9"]
[EventCountry "ENG"]
[SourceTitle "CB02_2024"]
[SourceDate "2024.01.10"]
[SourceVersion "1"]
[SourceVersionDate "2024.01.10"]
[SourceQuality "1"]

1. e4 e6 2. d4 d5 3. Nc3 Bb4 4. Nge2 Nc6 5. a3 Bxc3+ 6. Nxc3 dxe4 7. Bf4 Nf6 8. Bb5 0-0 9. Bxc6 bxc6 10. Qd2 Nd5 11. 0-0-0 Qf6 12. Be5 Qg6 13. h4 f6 14. h5 Qxg2 15. Nxd5 exd5 16. Bxc7 Bg4 17. Rdg1 Qf3 18. Rh4 Bxh5 19. Bd6 g5 20. Bxf8 Rxf8 21. Rf4 Qe2 22. Qb4 e3 23. Rxf6 Rxf6 24. Rxg5+ Bg6 25. Qb8+ Rf8 0-1

[Event "Wch U14"]
[Site "Montesilvano"]
[Date "2023.11.24"]
[Round "11"]
[White "Tabuenca Mendataurigoitia, Daniel"]
[Black "Hobson, Kenneth"]
[Result "1-0"]
[WhiteElo "2383"]
[BlackElo "2142"]
[PlyCount "117"]
[EventDate "2023.11.13"]
[EventType "swiss"]
[EventRounds "11"]
[EventCountry "ITA"]
[SourceTitle "CB48_2023"]
[SourceDate "2023.11.29"]
[SourceVersion "1"]
[SourceVersionDate "2023.11.29"]
[SourceQuality "1"]

1. e4 e5 2. Nf3 Nc6 3. Bb5 a6 4. Bxc6 dxc6 5. 0-0 Bg4 6. h3 h5 7. d3 Qf6 8. Nbd2 Ne7 9. Nc4 Bxf3 10. Qxf3 Qxf3 11. gxf3 Ng6 12. Be3 0-0-0 13. Rfb1 Bd6 14. Kf1 Rhf8 15. Ke2 Ne7 16. Rg1 g6 17. a4 b6 18. c3 c5 19. Bh6 Rfe8 20. Bg5 Kd7 21. f4 Ke6 22. fxe5 Bxe5 23. Ke3 Bg7 24. Rad1 b5 25. axb5 axb5 26. Na5 Kd7 27. Nb7 Ra8 28. Nxc5+ Kc6 29. Bxe7 Rxe7 30. d4 Ree8 31. Ra1 g5 32. Kd3 f6 33. b4 Bf8 34. Nb3 Bd6 35. f3 Bf4 36. c4 bxc4+ 37. Kxc4 Bd6 38. b5+ Kb6 39. Nc5 Bxc5 40. dxc5+ Kb7 41. Rgd1 Rxa1 42. Rxa1 g4 43. hxg4 hxg4 44. Kd4 gxf3 45. Rf1 Rd8+ 46. Ke3 Re8 47. Rxf3 Re6 48. Kd4 c6 49. b6 Kb8 50. Rh3 Re7 51. Rh6 Re6 52. Rh8+ Kb7 53. Rh7+ Kb8 54. Rc7 Ka8 55. Rd7 f5 56. exf5 Re1 57. Rc7 Rd1+ 58. Ke4 Re1+ 59. Kf4 1-0

[Event "Wch U14"]
[Site "Montesilvano"]
[Date "2023.11.23"]
[Round "10"]
[White "Hobson, Kenneth"]
[Black "Arca, Christian Gian Karl"]
[Result "1/2-1/2"]
[WhiteElo "2142"]
[BlackElo "2347"]
[PlyCount "119"]
[EventDate "2023.11.13"]
[EventType "swiss"]
[EventRounds "11"]
[EventCountry "ITA"]
[SourceTitle "CB48_2023"]
[SourceDate "2023.11.29"]
[SourceVersion "1"]
[SourceVersionDate "2023.11.29"]
[SourceQuality "1"]

1. e4 c6 2. Nf3 d5 3. exd5 cxd5 4. Ne5 Nc6 5. d4 Nf6 6. Bb5 Bd7 7. Bxc6 Bxc6 8. 0-0 e6 9. Re1 Be7 10. c3 0-0 11. Bf4 Qb6 12. Qb3 Qa6 13. a4 Rfc8 14. Nd2 b6 15. h3 Be8 16. Bh2 Qb7 17. a5 b5 18. Nd3 a6 19. Qc2 Ne4 20. f3 Nxd2 21. Qxd2 b4 22. Nxb4 Bxb4 23. cxb4 Qe7 24. Rac1 Rc4 25. Rxc4 dxc4 26. d5 Qa7+ 27. Kh1 Rd8 28. d6 Bc6 29. Qg5 f6 30. Qc5 Qxc5 31. bxc5 e5 32. f4 e4 33. Bg1 Rb8 34. Bd4 Kf7 35. f5 Rb5 36. Rc1 Rb3 37. Rxc4 Rd3 38. Bc3 e3 39. d7 e2 40. Kh2 Ke7 41. Bb4 Rd1 42. Rg4 e1Q 43. Bxe1 Rxe1 44. Rxg7+ Kd8 45. Rxh7 Re2 46. Rg7 Rxb2 47. Kg1 Rb1+ 48. Kh2 Rb2 49. Kg1 Rb1+ 50. Kh2 Rb2 51. Kg1 Rb1+ 52. Kh2 Bxd7 53. Rf7 Rf1 54. Rxf6 Rxf5 55. Rxf5 Bxf5 56. Kg3 Be4 57. Kf4 Bxg2 58. h4 Kd7 59. Ke5 Kc6 60. h5 1/2-1/2

[Event "Wch U14"]
[Site "Montesilvano"]
[Date "2023.11.17"]
[Round "5"]
[White "Uskov, Artem"]
[Black "Hobson, Kenneth"]
[Result "1-0"]
[WhiteElo "2380"]
[BlackElo "2142"]
[PlyCount "65"]
[EventDate "2023.11.13"]
[EventType "swiss"]
[EventRounds "11"]
[EventCountry "ITA"]
[SourceTitle "CB48_2023"]
[SourceDate "2023.11.29"]
[SourceVersion "1"]
[SourceVersionDate "2023.11.29"]
[SourceQuality "1"]

1. Nf3 Nf6 2. c4 e6 3. Nc3 d5 4. e3 c5 5. cxd5 exd5 6. d4 Nc6 7. Be2 Bg4 8. 0-0 Be7 9. h3 Be6 10. b3 0-0 11. Bb2 Rc8 12. a3 Ne4 13. dxc5 Nxc5 14. Nb5 Bf6 15. Nbd4 Nxd4 16. Nxd4 Qb6 17. Nxe6 fxe6 18. Bxf6 Rxf6 19. b4 Ne4 20. Bd3 Nd6 21. Qh5 Nf5 22. Rac1 Rcf8 23. Rc5 Qd6 24. Rfc1 g6 25. Qg5 Ne7 26. Rc7 Nc6 27. Rxb7 Ne5 28. Qh6 Nf7 29. Qh4 e5 30. Rxa7 e4 31. Ra6 exd3 32. Rxd6 Nxd6 33. Qd4 1-0

[Event "Wch U14"]
[Site "Montesilvano"]
[Date "2023.11.14"]
[Round "2"]
[White "Hobson, Kenneth"]
[Black "Tamer Wageih, Fareed"]
[Result "1/2-1/2"]
[WhiteElo "2142"]
[BlackElo "1893"]
[PlyCount "107"]
[EventDate "2023.11.13"]
[EventType "swiss"]
[EventRounds "11"]
[EventCountry "ITA"]
[SourceTitle "CB48_2023"]
[SourceDate "2023.11.29"]
[SourceVersion "1"]
[SourceVersionDate "2023.11.29"]
[SourceQuality "1"]

1. e4 c6 2. d4 d5 3. exd5 cxd5 4. Bd3 Nc6 5. c3 Qc7 6. Na3 a6 7. Nc2 Nf6 8. Bg5 Bg4 9. f3 Bh5 10. Ne2 e6 11. Bf4 Bd6 12. Bxd6 Qxd6 13. 0-0 0-0 14. Ng3 Bg6 15. f4 Bxd3 16. Qxd3 Nd7 17. Ne3 f5 18. a4 Nf6 19. Qe2 h6 20. Rae1 Rae8 21. Qd1 Ne7 22. Nc2 Ng6 23. Ne2 Ne4 24. Nb4 Ne7 25. Nd3 Nc6 26. Ng3 Re7 27. Nxe4 fxe4 28. Ne5 Nxe5 29. fxe5 Qd7 30. Rxf8+ Kxf8 31. a5 Qb5 32. Rf1+ Rf7 33. Rxf7+ Kxf7 34. b4 Qc6 35. Qd2 Qc4 36. h4 Qb3 37. Kf2 Qc4 38. Qe3 Qa2+ 39. Kg3 Qc4 40. Qd2 Qf1 41. Qe3 Qc4 42. h5 Qf1 43. Qd2 Qf5 44. Qe2 Qg5+ 45. Kh2 Qf4+ 46. g3 Qc1 47. b5 e3 48. bxa6 bxa6 49. Qxa6 Qd2+ 50. Kh3 e2 51. Qb7+ Kg8 52. Qb8+ Kh7 53. Qb1+ Kg8 54. Qb8+ 1/2-1/2

[Event "Witney op-A 10th"]
[Site "Witney"]
[Date "2023.11.04"]
[Round "1"]
[White "Rida, Ruqayyah"]
[Black "Hobson, Kenneth"]
[Result "0-1"]
[WhiteElo "2029"]
[BlackElo "2259"]
[PlyCount "122"]
[EventDate "2023.11.04"]
[EventType "swiss"]
[EventRounds "5"]
[EventCountry "ENG"]
[SourceTitle "CB46_2023"]
[SourceDate "2023.11.15"]
[SourceVersion "1"]
[SourceVersionDate "2023.11.15"]
[SourceQuality "1"]

1. e4 e5 2. Nf3 Nc6 3. Bc4 Nf6 4. d3 h6 5. 0-0 d6 6. a4 g5 7. Nc3 Bg7 8. a5 a6 9. Nd5 Bg4 10. c3 0-0 11. Be3 Nxd5 12. Bxd5 Qf6 13. h3 Be6 14. Bxe6 Qxe6 15. Qa4 Rad8 16. Rfe1 d5 17. Rad1 d4 18. Bd2 dxc3 19. Bxc3 Rd7 20. b4 Rfd8 21. Re3 Ne7 22. Qc2 Ng6 23. Re2 Nf4 24. Red2 g4 25. hxg4 Qxg4 26. Ne1 Rd6 27. f3 Qg3 28. Qb2 h5 29. Kf1 h4 30. Bxe5 h3 31. gxh3 Bxe5 32. Qxe5 Rg6 33. Rg2 Nxg2 34. Qxg3 Rxg3 35. Nxg2 Rxf3+ 36. Ke2 Rxh3 37. Nf4 Rh2+ 38. Ke3 Rb2 39. Rc1 c6 40. Rc4 Kf8 41. Ne2 Ke7 42. Nc3 Rh2 43. d4 Rg8 44. d5 Rh3+ 45. Kd4 Rgg3 46. Na4 cxd5 47. Kxd5 Rd3+ 48. Kc5 Rh6 49. b5 Rh5+ 50. Kb6 Rxb5+ 51. Ka7 Rdb3 52. Nb6 Rxa5 53. Rc7+ Ke6 54. Rxb7 Rab5 55. Kxa6 Rxb6+ 56. Rxb6+ Rxb6+ 57. Kxb6 Ke5 58. Kb5 Kxe4 59. Kb4 f5 60. Kc3 Ke3 61. Kc2 Ke2 0-1

[Event "Titled Tuesday intern op 26th Sep Late"]
[Site "Chess.com INT"]
[Date "2023.09.26"]
[Round "2"]
[White "Balla, Tamas Kristof"]
[Black "Hobson, Kenneth"]
[Result "1-0"]
[WhiteElo "2308"]
[BlackElo "2142"]
[PlyCount "47"]
[EventDate "2023.09.26"]
[EventType "swiss (blitz)"]
[EventRounds "11"]
[EventCountry "USA"]
[SourceTitle "EXT 2024"]
[Source "ChessBase"]
[SourceDate "2023.10.10"]
[SourceVersion "1"]
[SourceVersionDate "2023.10.10"]
[SourceQuality "1"]

1. e4 e5 2. Nf3 Nc6 3. d4 exd4 4. Nxd4 Bc5 5. Nb3 Bb6 6. Nc3 d6 7. Qe2 Nge7 8. Be3 Be6 9. 0-0-0 Ne5 10. f3 Bc4 11. Qf2 N7g6 12. Bxb6 axb6 13. Bxc4 Nxc4 14. Qd4 Nce5 15. h4 Qf6 16. Nd5 Qd8 17. h5 Nf4 18. Nxf4 Qg5 19. g3 Rxa2 20. Kb1 Ra6 21. Nd5 Nxf3 22. Nxc7+ Kd7 23. Qxd6+ Kc8 24. Nxa6 1-0

[Event "Speed Chess Q1 Sw"]
[Site "Chess.com INT"]
[Date "2023.08.21"]
[Round "1"]
[White "Fawzy, Adham"]
[Black "Hobson, Kenneth"]
[Result "1-0"]
[WhiteElo "2533"]
[BlackElo "2166"]
[PlyCount "51"]
[EventDate "2023.08.21"]
[EventType "k.o. (blitz)"]
[EventRounds "14"]
[EventCountry "USA"]
[SourceTitle "CBM 215 Extra"]
[Source "ChessBase"]
[SourceDate "2023.09.30"]
[SourceVersion "1"]
[SourceVersionDate "2023.09.30"]
[SourceQuality "1"]

1. e4 e5 2. Nf3 Nc6 3. Bb5 f5 4. d3 fxe4 5. dxe4 Nf6 6. 0-0 d6 7. Bc4 Be7 8. Nc3 Bg4 9. h3 Bh5 10. g4 Bg6 11. Ng5 Na5 12. Ne6 Nxc4 13. Nxd8 Rxd8 14. Qe2 Nb6 15. f4 exf4 16. Bxf4 0-0 17. Rad1 Rfe8 18. Nb5 c6 19. Nc7 Nxe4 20. Nxe8 Rxe8 21. Qg2 d5 22. b3 Bc5+ 23. Kh2 Nc3 24. Rde1 Be4 25. Qd2 Nxa2 26. c3 1-0

[Event "World ol U16"]
[Site "Eindhoven"]
[Date "2023.08.17"]
[Round "8.9"]
[White "Hobson, Kenneth"]
[Black "Milikow, Elie"]
[Result "0-1"]
[WhiteElo "2166"]
[BlackElo "2424"]
[PlyCount "90"]
[EventDate "2023.08.13"]
[EventType "team-swiss"]
[EventRounds "9"]
[EventCountry "NED"]
[SourceTitle "CBM 215 Extra"]
[Source "ChessBase"]
[SourceDate "2023.09.30"]
[SourceVersion "1"]
[SourceVersionDate "2023.09.30"]
[SourceQuality "1"]
[WhiteTeam "England"]
[BlackTeam "Israel"]
[WhiteTeamCountry "ENG"]
[BlackTeamCountry "ISR"]

1. e4 c5 2. Nf3 Nc6 3. Bb5 e6 4. 0-0 Nge7 5. d4 cxd4 6. Nxd4 Ng6 7. Be3 Qc7 8. Be2 Be7 9. Nc3 a6 10. f4 0-0 11. g3 b5 12. Bf3 Bb7 13. h4 Nxd4 14. Bxd4 e5 15. fxe5 Nxe5 16. Nd5 Bxd5 17. exd5 Bc5 18. Kg2 Bxd4 19. Qxd4 d6 20. Rf2 Rfe8 21. Be4 g6 22. Raf1 f5 23. Bd3 Ng4 24. Rf3 Qc5 25. Qxc5 dxc5 26. Rc1 c4 27. Bf1 Ne3+ 28. Kf2 Nxd5 29. Rd1 Nf6 30. b3 c3 31. a4 b4 32. Bc4+ Kg7 33. Kg2 a5 34. Bb5 Rad8 35. Rxd8 Rxd8 36. Rd3 Rxd3 37. Bxd3 Ng4 38. Kf1 Kf6 39. Ke2 Ke5 40. Bc4 h6 41. Bd3 g5 42. hxg5 hxg5 43. Kf3 Nf6 44. Bf1 g4+ 45. Ke3 Ne4 0-1

[Event "World ol U16"]
[Site "Eindhoven"]
[Date "2023.08.13"]
[Round "1.29"]
[White "Sacco, Isaac"]
[Black "Hobson, Kenneth"]
[Result "0-1"]
[WhiteElo "1267"]
[BlackElo "2166"]
[PlyCount "82"]
[EventDate "2023.08.13"]
[EventType "team-swiss"]
[EventRounds "9"]
[EventCountry "NED"]
[SourceTitle "CBM 215 Extra"]
[Source "ChessBase"]
[SourceDate "2023.09.30"]
[SourceVersion "1"]
[SourceVersionDate "2023.09.30"]
[SourceQuality "1"]
[WhiteTeam "Malta II"]
[BlackTeam "England"]
[WhiteTeamCountry "MLT"]
[BlackTeamCountry "ENG"]

1. e4 e5 2. Nf3 Nc6 3. Bc4 Nf6 4. d4 exd4 5. 0-0 Nxe4 6. Re1 d5 7. Bxd5 Qxd5 8. Nc3 Qh5 9. Nxe4 Be6 10. Nxd4 Qxd1 11. Rxd1 0-0-0 12. Be3 Nxd4 13. Bxd4 Bd5 14. Nc3 Bc6 15. Bxa7 Rxd1+ 16. Rxd1 b6 17. a4 Kb7 18. a5 Kxa7 19. axb6+ cxb6 20. Rd8 g6 21. b4 Bg7 22. Rd3 Re8 23. Kf1 Bxc3 24. Rxc3 Bb5+ 25. Rd3 Bxd3+ 26. cxd3 Ka6 27. g4 Kb5 28. f4 Kxb4 29. h4 Kc3 30. g5 Kxd3 31. Kg2 Ke3 32. Kg3 b5 33. Kg4 b4 34. f5 gxf5+ 35. Kxf5 b3 36. Kf6 b2 37. Kxf7 Rb8 38. h5 b1Q 39. Kg7 Qf5 40. g6 Qf8+ 41. Kxh7 Qh8# 0-1

[Event "Titled Tuesday intern op 18th Jul Early"]
[Site "Chess.com INT"]
[Date "2023.07.18"]
[Round "4"]
[White "Hobson, Kenneth"]
[Black "Harriott, Tyrell"]
[Result "0-1"]
[WhiteElo "2200"]
[BlackElo "1819"]
[PlyCount "74"]
[EventDate "2023.07.18"]
[EventType "swiss (blitz)"]
[EventRounds "11"]
[EventCountry "USA"]
[SourceTitle "EXT 2024"]
[Source "ChessBase"]
[SourceDate "2023.10.10"]
[SourceVersion "1"]
[SourceVersionDate "2023.10.10"]
[SourceQuality "1"]

1. e4 d5 2. e5 c5 3. Nf3 Nc6 4. c3 Bg4 5. h3 Bxf3 6. Qxf3 Nxe5 7. Qg3 Nc6 8. Bb5 e6 9. 0-0 Nh6 10. Re1 Nf5 11. Qf3 Be7 12. d3 0-0 13. Bxc6 bxc6 14. Bf4 Bf6 15. Nd2 Re8 16. g4 Nh4 17. Qg3 Ng6 18. Be3 d4 19. cxd4 Bxd4 20. Ne4 Bxe3 21. Qxe3 Qd4 22. Nxc5 Qxb2 23. d4 Red8 24. Red1 Nh4 25. Rab1 Qxa2 26. Rb7 Qd5 27. Ne4 c5 28. Rdb1 cxd4 29. Qf4 e5 30. Qg5 Nf3+ 31. Kf1 Nxg5 32. Nxg5 e4 33. R1b5 Qc4+ 34. Kg2 e3 35. Rf5 f6 36. Ne6 Qc6+ 37. Rf3 Qxb7 0-1

[Event "Titled Tuesday intern op 18th Jul Early"]
[Site "Chess.com INT"]
[Date "2023.07.18"]
[Round "9"]
[White "Hobson, Kenneth"]
[Black "Martin, Lewis"]
[Result "0-1"]
[WhiteElo "2200"]
[BlackElo "2135"]
[PlyCount "70"]
[EventDate "2023.07.18"]
[EventType "swiss (blitz)"]
[EventRounds "11"]
[EventCountry "USA"]
[SourceTitle "EXT 2024"]
[Source "ChessBase"]
[SourceDate "2023.10.10"]
[SourceVersion "1"]
[SourceVersionDate "2023.10.10"]
[SourceQuality "1"]

1. e4 c5 2. d4 cxd4 3. c3 d3 4. Bxd3 Nc6 5. Nf3 d6 6. Be3 Nf6 7. h3 g6 8. 0-0 Bg7 9. Qd2 0-0 10. a4 Qc7 11. Na3 a6 12. Nc4 Be6 13. Nb6 Rad8 14. c4 Ne5 15. Nxe5 dxe5 16. Nd5 Nxd5 17. cxd5 Bc8 18. Rfc1 Qd7 19. Bb6 Rde8 20. Rc7 Qd6 21. a5 e6 22. Bc4 exd5 23. Qxd5 Qb4 24. Bc5 Qxb2 25. Ra2 Qc1+ 26. Kh2 Be6 27. Qxe6 Rxe6 28. Bxf8 Bxf8 29. Bxe6 Qxc7 30. Bd5 b5 31. axb6 Qxb6 32. Rc2 Kg7 33. Rc6 Qxf2 34. Rc7 Bc5 35. h4 Qxh4# 0-1

[Event "Titled Tuesday intern op 18th Jul Early"]
[Site "Chess.com INT"]
[Date "2023.07.18"]
[Round "5"]
[White "Mejia, Cherry Ann"]
[Black "Hobson, Kenneth"]
[Result "0-1"]
[WhiteElo "1919"]
[BlackElo "2200"]
[PlyCount "140"]
[EventDate "2023.07.18"]
[EventType "swiss (blitz)"]
[EventRounds "11"]
[EventCountry "USA"]
[SourceTitle "EXT 2024"]
[Source "ChessBase"]
[SourceDate "2023.10.10"]
[SourceVersion "1"]
[SourceVersionDate "2023.10.10"]
[SourceQuality "1"]

1. e4 e5 2. Nf3 Nc6 3. Bb5 f5 4. d4 fxe4 5. Nxe5 Nxe5 6. dxe5 c6 7. Bc4 Qa5+ 8. Bd2 Qxe5 9. Bc3 Qg5 10. Bxg8 Rxg8 11. Nd2 d5 12. Qe2 Be7 13. f3 exf3 14. Nxf3 Qh5 15. 0-0-0 Qh6+ 16. Kb1 Qe6 17. Qxe6 Bxe6 18. Rhe1 Kd7 19. Ne5+ Kc7 20. Nxc6 bxc6 21. Rxe6 Rae8 22. Rde1 Kd7 23. a3 g6 24. g4 Bd6 25. Rxe8 Rxe8 26. Rxe8 Kxe8 27. h3 Kf7 28. Kc1 c5 29. Kd1 d4 30. Be1 Ke6 31. Ke2 Kd5 32. Kf3 Be5 33. b3 Bd6 34. h4 c4 35. bxc4+ Kxc4 36. a4 d3 37. cxd3+ Kxd3 38. Bf2 a6 39. h5 gxh5 40. gxh5 Kc4 41. Be1 Kb3 42. a5 Bb4 43. Bg3 Bxa5 44. Ke4 Bc3 45. Bd6 a5 46. Kf5 a4 47. Ke6 Bb4 48. Be5 a3 49. h6 Bc3 50. Bxc3 Kxc3 51. Kf7 a2 52. Kg7 a1Q 53. Kxh7 Qa7+ 54. Kh8 Qb8+ 55. Kg7 Qc7+ 56. Kg8 Qd8+ 57. Kg7 Qe7+ 58. Kg8 Qe6+ 59. Kg7 Qg4+ 60. Kh8 Qc8+ 61. Kg7 Qd7+ 62. Kg8 Qe8+ 63. Kg7 Qe5+ 64. Kg8 Qg5+ 65. Kh7 Kd4 66. Kh8 Qxh6+ 67. Kg8 Qf6 68. Kh7 Qg5 69. Kh8 Ke5 70. Kh7 Kf6 0-1

[Event "Cambridge op"]
[Site "Cambridge"]
[Date "2023.02.18"]
[Round "8"]
[White "Hobson, Kenneth"]
[Black "Bonn, Thomas"]
[Result "1/2-1/2"]
[WhiteElo "2051"]
[BlackElo "2189"]
[PlyCount "84"]
[EventDate "2023.02.15"]
[EventType "swiss"]
[EventRounds "9"]
[EventCountry "ENG"]
[SourceTitle "CBM 212 Extra"]
[Source "ChessBase"]
[SourceDate "2023.03.31"]
[SourceVersion "1"]
[SourceVersionDate "2023.03.31"]
[SourceQuality "1"]

1. e4 c5 2. Nf3 d6 3. Bb5+ Bd7 4. Bxd7+ Qxd7 5. 0-0 Nc6 6. c3 Nf6 7. Qe2 e6 8. d4 cxd4 9. cxd4 d5 10. e5 Ne4 11. Nbd2 Nxd2 12. Bxd2 Be7 13. Rab1 a5 14. Rfc1 0-0 15. a3 a4 16. Qd3 Rfc8 17. h3 Na5 18. Bxa5 Rxa5 19. Rc2 Rxc2 20. Qxc2 Ra6 21. Kh2 Qc6 22. Rc1 Qxc2 23. Rxc2 Rc6 24. Ne1 Rc4 25. Kg3 b5 26. Rxc4 bxc4 27. Nc2 Kf8 28. Kf3 Ke8 29. Ke3 Kd7 30. Kd2 Kc6 31. Ne3 Kb5 32. Nd1 Ka5 33. f4 Bh4 34. Ke2 Be7 35. g3 Bd8 36. Ke3 Ka6 37. Nc3 Ka5 38. Ne2 Be7 39. Kd2 Bd8 40. Kc3 Kb5 41. Kc2 Bb6 42. Kd2 Bd8 1/2-1/2

[Event "Cambridge op"]
[Site "Cambridge"]
[Date "2023.02.18"]
[Round "7"]
[White "Saunders, Aron"]
[Black "Hobson, Kenneth"]
[Result "1/2-1/2"]
[WhiteElo "2109"]
[BlackElo "2051"]
[PlyCount "64"]
[EventDate "2023.02.15"]
[EventType "swiss"]
[EventRounds "9"]
[EventCountry "ENG"]
[SourceTitle "CBM 212 Extra"]
[Source "ChessBase"]
[SourceDate "2023.03.31"]
[SourceVersion "1"]
[SourceVersionDate "2023.03.31"]
[SourceQuality "1"]

1. e4 d6 2. d4 Nf6 3. Nc3 Nbd7 4. Be3 e5 5. dxe5 dxe5 6. Bc4 Be7 7. f3 c6 8. Nge2 b5 9. Bb3 0-0 10. 0-0 Bc5 11. Bxc5 Nxc5 12. Qe1 a5 13. Qf2 Qe7 14. a3 Nxb3 15. cxb3 Be6 16. Qe3 Rfd8 17. Rac1 Qa7 18. Qxa7 Rxa7 19. b4 axb4 20. axb4 Rad7 21. Rfd1 g6 22. Kf2 Bc4 23. Rxd7 Rxd7 24. Rd1 Kf8 25. Nc1 Ke7 26. b3 Be6 27. Rxd7+ Nxd7 28. Nb1 Kd6 29. Ke3 c5 30. bxc5+ Nxc5 31. Nc3 b4 32. N3a2 Nxb3 1/2-1/2

[Event "Cambridge op"]
[Site "Cambridge"]
[Date "2023.02.17"]
[Round "5"]
[White "Wall, Tim"]
[Black "Hobson, Kenneth"]
[Result "1-0"]
[WhiteElo "2239"]
[BlackElo "2051"]
[PlyCount "87"]
[EventDate "2023.02.15"]
[EventType "swiss"]
[EventRounds "9"]
[EventCountry "ENG"]
[SourceTitle "CBM 212 Extra"]
[Source "ChessBase"]
[SourceDate "2023.03.31"]
[SourceVersion "1"]
[SourceVersionDate "2023.03.31"]
[SourceQuality "1"]

1. b3 Nf6 2. Bb2 e6 3. g3 d5 4. Bg2 Be7 5. Nf3 0-0 6. c4 Nbd7 7. 0-0 b6 8. Nc3 Bb7 9. Qc2 c5 10. cxd5 exd5 11. d4 Rc8 12. Qf5 g6 13. Qd3 Re8 14. Rac1 c4 15. bxc4 dxc4 16. Qc2 Bf8 17. Rcd1 Nd5 18. Rfe1 Nxc3 19. Bxc3 Be4 20. Qb2 Bg7 21. Nd2 Nf6 22. f3 Bc6 23. e4 b5 24. d5 Bd7 25. Kh1 Qe7 26. Nf1 a5 27. a3 Rb8 28. d6 Qe6 29. Qd2 Rec8 30. Bxa5 Bc6 31. Ne3 Nd7 32. Bb4 Bf8 33. Nd5 Bxd6 34. Nf6+ Nxf6 35. Bxd6 Rd8 36. Qb4 Rb7 37. Qc5 Rc8 38. Qg5 Rd7 39. Be5 Ne8 40. Bc3 f6 41. Qh6 Rcd8 42. Bh3 f5 43. Bxf5 gxf5 44. Qxe6+ 1-0

[Event "Cambridge op"]
[Site "Cambridge"]
[Date "2023.02.16"]
[Round "3"]
[White "Gardner, Phillip K"]
[Black "Hobson, Kenneth"]
[Result "0-1"]
[WhiteElo "1814"]
[BlackElo "2051"]
[PlyCount "88"]
[EventDate "2023.02.15"]
[EventType "swiss"]
[EventRounds "9"]
[EventCountry "ENG"]
[SourceTitle "CBM 212 Extra"]
[Source "ChessBase"]
[SourceDate "2023.03.31"]
[SourceVersion "1"]
[SourceVersionDate "2023.03.31"]
[SourceQuality "1"]

1. e4 e5 2. Nf3 Nc6 3. Bc4 Nf6 4. Ng5 d5 5. exd5 Na5 6. Bb5+ c6 7. dxc6 bxc6 8. Be2 h6 9. Nf3 e4 10. Ne5 Bd6 11. f4 exf3 12. Nxf3 0-0 13. d4 Bb7 14. 0-0 c5 15. c3 Rc8 16. Kh1 cxd4 17. cxd4 Qe7 18. Ne5 Nc6 19. Nxc6 Bxc6 20. Bf3 Ne4 21. Qe1 Rfe8 22. Bd2 Qd8 23. Bxe4 Rxe4 24. Qf2 Qh4 25. Qxh4 Rxh4 26. h3 Rxh3+ 27. Kg1 Rd3 28. Bf4 Bxf4 29. Rxf4 Rd1+ 30. Rf1 Rxf1+ 31. Kxf1 Bb5+ 32. Kf2 Rc1 33. Ke3 Bd7 34. Ke4 g6 35. Ke5 Bf5 36. a4 Rxb1 37. Rxb1 Bxb1 38. b4 Bc2 39. a5 Bd3 40. Kf6 Kf8 41. g3 a6 42. Ke5 Ke7 43. Kd5 Bb5 44. Kc5 h5 0-1

[Event "Witney op-A 9th"]
[Site "Witney"]
[Date "2022.11.06"]
[Round "5"]
[White "Hobson, Kenneth"]
[Black "Isaacs, Ruairi"]
[Result "1-0"]
[WhiteElo "1872"]
[BlackElo "1472"]
[PlyCount "63"]
[EventDate "2022.11.05"]
[EventType "swiss"]
[EventRounds "5"]
[EventCountry "ENG"]
[SourceTitle "CBM 211 Extra"]
[Source "ChessBase"]
[SourceDate "2023.01.31"]
[SourceVersion "1"]
[SourceVersionDate "2023.01.31"]
[SourceQuality "1"]

1. e4 c5 2. Nf3 d6 3. Bb5+ Bd7 4. Bxd7+ Qxd7 5. 0-0 Nf6 6. Re1 Nc6 7. c3 e6 8. d4 cxd4 9. cxd4 e5 10. Nc3 Be7 11. Nd5 Rd8 12. Nxe7 Qxe7 13. d5 Nb8 14. Bg5 Nbd7 15. Rc1 h6 16. Bd2 Nc5 17. Qc2 0-0 18. b4 Ncd7 19. Nh4 Nb6 20. Nf5 Qd7 21. Qd3 Kh7 22. Qg3 Ne8 23. Qh4 f6 24. Rc3 Rf7 25. Rg3 Kh8 26. Nxh6 Rf8 27. Nf5+ Kg8 28. Rc1 Rc8 29. Rxc8 Nxc8 30. Qg4 Qc7 31. Rc3 Qd8 32. Rxc8 1-0